千鳥の鬼レンチャン Level10 挑戦曲 - Statistics

General Stats
  • This quiz has been taken 82 times
  • The average score is 21 of 44
Answer Stats
挑戦者 歌手・グループ名 曲名 % Correct
ほしのディスコ(失敗)、神山智洋&濵田崇裕(成功) King Gnu 白日
87%
ほいけんた(失敗)、KAY-I(成功) B'z ultra soul
76%
竹中雄大(成功) X JAPAN
75%
富田鈴花&髙橋未来虹(成功) YOASOBI 怪物
70%
丘みどり(成功)、よよよちゃん(失敗→成功)、富田鈴花(失敗→成功)、池田裕楽(失敗) YOASOBI 群青
70%
濵田崇裕(失敗)、松浦航大(成功)、ほいけんた&松浦航大(ほいが失敗)、ほいけんた&たむたむ(ほいが失敗) ゴスペラーズ ひとり
69%
よよよちゃん(成功) YOASOBI アイドル
67%
丘みどり(成功)、荒牧陽子(成功)、島谷ひとみ(失敗)、高橋真麻(失敗) Ado うっせぇわ
67%
荒牧陽子(成功し、モノマネで再挑戦し成功)、chay(成功)、高橋真麻(成功) LiSA 紅蓮華
67%
ビューティーこくぶ(成功)、KAY-I(成功)、ほいけんた&ToshI(ほいが失敗) GLAY HOWEVER
66%
星乃(失敗)、柏木ひなた(失敗→成功)、島谷ひとみ&荒牧陽子(島谷が失敗) YOASOBI 夜に駆ける
64%
KAY-I(失敗) Mrs. GREEN APPLE Soranji
64%
竹中雄大(失敗) Official髭男dism Cry Baby
63%
ビューティーこくぶ(失敗)、ササキオサム(成功)、竹中雄大(成功) Official髭男dism I LOVE…
63%
よよよちゃん(失敗) ずっと真夜中でいいのに。 あいつら全員同窓会
58%
竹中雄大(成功) T.M.Revolution HOT LIMIT
58%
佐野晶哉(失敗→成功) 平井堅 Love Love Love
57%
松浦航大(成功) GLAY Winter,again
55%
島谷ひとみ(成功)、chay(失敗)、高橋真麻(成功) DREAMS COME TRUE 決戦は金曜日
54%
徳永ゆうき(成功)、木山裕策(失敗) LUNA SEA ROSIER
51%
竹中雄大(成功) Mrs. GREEN APPLE 点描の唄(feat.井上苑子)
49%
KAY-I(成功) Mr.Children くるみ
48%
松浦航大(成功)、KAY-I(成功 L'Arc〜en〜Ciel winter fall
46%
島谷ひとみ(成功)、富田鈴花(失敗)、丘みどり(失敗→成功)、河邑ミク(成功) Superfly タマシイレボリューション
45%
chay(成功) YOASOBI ハルジオン
43%
島谷ひとみ(成功)、chay(成功)、富田鈴花(失敗)、華原朋美(失敗)、華原朋美&丘みどり(成功)、ハリウリサ(成功) 広瀬香美 ゲレンデがとけるほど恋したい
40%
島谷ひとみ(成功)、荒牧陽子(失敗)、chay(成功) 椎名林檎 本能
40%
荒牧陽子(成功)、島谷ひとみ(成功)、沙羅(失敗し、再挑戦も失敗) 広瀬香美 promise
39%
河邑ミク(失敗) 椎名林檎 歌舞伎町の女王
34%
丘みどり(失敗)、nanami(成功)、シェネル(成功)、ハリウリサ(失敗) シェネル ビリーヴ
34%
chay(成功)、保田圭(失敗)、高橋真麻(成功) 宇多田ヒカル Can You Keep A Secret?
34%
丘みどり(成功)、荒牧陽子(失敗) 宇多田ヒカル 花束を君に
31%
丘みどり(成功)、荒牧陽子(失敗)、May J.(失敗)、歌心りえ(成功) MISIA 果てなく続くストーリー
30%
島谷ひとみ(成功) DREAMS COME TRUE 朝がまた来る
28%
丘みどり(成功)、荒牧陽子(成功) milet Ordinary days
28%
河邑ミク(失敗) 宇多田ヒカル Wait & See~リスク~
28%
高橋真麻(成功) globe FACES PLACES
27%
荒牧陽子(成功) 広瀬香美 幸せをつかみたい
24%
ハリウリサ(成功) Whitney Houston I Will Always Love You
24%
丘みどり(失敗)、BENI&シェネル(BENIが失敗)、ハリウリサ(成功) MISIA 忘れない日々
22%
May J.(成功)、chay(成功) 宇多田ヒカル Prisoner Of Love
22%
高橋真麻(成功)、マルシア(失敗) サラ・ブライトマン Time To Say Goodbye
22%
May J.(成功) Mariah Carey All I Want for Christmas Is You
18%
BENI(成功) Whitney Houston I Have Nothing
18%
No matching quizzes found
Score Distribution
Percent of People with Each Score
Percentile by Number Answered
Your Score History
You have not taken this quiz